[Event "PRO League Group Stage"]
[Site "chess.com INT"]
[Date "2020.01.27"]
[Round "4"]
[White "Born, Carlos Rodrigo"]
[Black "Tristan, Leonardo"]
[Result "1-0"]
[WhiteTitle "FM"]
[BlackTitle "IM"]
[WhiteElo "2292"]
[BlackElo "2533"]
[WhiteTeam "Brazil Capybaras"]
[BlackTeam "Argentina Krakens"]
[WhiteFideId "2113171"]
[BlackFideId "113816"]
[EventDate "2020.01.06"]

1. Nf3 d5 2. g3 Nf6 3. Bg2 e6 4. O-O Be7 5. d3 c5 6. Nbd2 Nc6 7. e4 b6 8. Re1
Bb7 9. c3 Qc7 10. Nf1 dxe4 11. dxe4 Rd8 12. Qc2 Ba6 13. Bf4 Qc8 14. Rad1 O-O 15.
h4 Bb5 16. a4 Ba6 17. N1h2 Rxd1 18. Rxd1 Rd8 19. Rxd8+ Qxd8 20. Bf1 Bb7 21. Nd2
h6 22. Be2 e5 23. Be3 Nd4 24. cxd4 cxd4 25. Nhf1 dxe3 26. Nxe3 Bb4 27. Nef1 Qd4
28. Bf3 Ba6 29. Kg2 Bd3 30. Qc8+ Kh7 31. Qf5+ Kg8 32. Qc8+ Bf8 33. Qa8 Qxa4 34.
Ne3 g6 35. b3 Qb4 36. Ndc4 Qc5 37. Qd8 Bxe4 38. Qxf6 Bxf3+ 39. Kxf3 Bg7 40. Qd8+
Kh7 41. Qd5 Qe7 42. Nd6 f5 43. Nec4 e4+ 44. Ke2 Qf6 45. h5 a6 46. hxg6+ Kxg6 47.
Ne3 Qe5 48. Qf7+ Kh7 49. Nexf5 Qb5+ 1-0

[Event "PRO League Group Stage"]
[Site "chess.com INT"]
[Date "2020.01.27"]
[Round "4"]
[White "Fedoseev, Vladimir3"]
[Black "Tang, Andrew"]
[Result "1-0"]
[WhiteTitle "GM"]
[BlackTitle "GM"]
[WhiteElo "2671"]
[BlackElo "2521"]
[WhiteTeam "New York Marshalls"]
[BlackTeam "Chicago Wind"]
[WhiteFideId "24130737"]
[BlackFideId "2059630"]
[EventDate "2020.01.06"]

1. e4 e5 2. Nf3 Nc6 3. Bb5 a6 4. Ba4 Nf6 5. O-O d6 6. Re1 b5 7. Bb3 Be7 8. c3
O-O 9. h3 Bb7 10. d4 Re8 11. Nbd2 Bf8 12. a3 g6 13. Bc2 Bg7 14. Nf1 Nb8 15. Ng3
Nbd7 16. a4 exd4 17. cxd4 c5 18. d5 Nb6 19. a5 Nc4 20. b3 Nd7 21. Bg5 f6 22. Bf4
Nce5 23. Nd2 Qc7 24. Be3 Re7 25. Qb1 Rae8 26. Rc1 Qd8 27. Ra2 Nf7 28. b4 f5 29.
exf5 Bxd5 30. fxg6 Bxa2 31. Qxa2 hxg6 32. Nde4 c4 33. Rd1 Qc7 34. Qb1 Nf8 35.
Bd4 Nd7 36. Bxg7 Kxg7 37. Nc3 Nf6 38. Bxg6 Re5 39. f4 R5e6 40. Kh2 Rd8 41. Nf5+
Kg8 42. Nd4 Re3 43. Qf5 Rxc3 44. Qxf6 Re3 45. Nf5 1-0

[Event "PRO League Group Stage"]
[Site "chess.com INT"]
[Date "2020.01.27"]
[Round "4"]
[White "Robson, Ray"]
[Black "Guseinov, Gadir"]
[Result "1/2-1/2"]
[WhiteTitle "GM"]
[BlackTitle "GM"]
[WhiteElo "2673"]
[BlackElo "2666"]
[WhiteTeam "Chicago Wind"]
[BlackTeam "New York Marshalls"]
[WhiteFideId "2023970"]
[BlackFideId "13401378"]
[EventDate "2020.01.06"]

1. e4 c5 2. Nf3 g6 3. c3 d5 4. exd5 Qxd5 5. d4 Bg7 6. Na3 cxd4 7. Bc4 Qe4+ 8.
Be3 Nh6 9. cxd4 O-O 10. O-O Bg4 11. Ng5 Qxe3 12. fxe3 Bxd1 13. Raxd1 Nc6 14. h3
Rad8 15. g4 a6 16. Nb1 b5 17. Bb3 Na5 18. Nd2 Nxb3 19. Nxb3 Rd5 1/2-1/2

[Event "PRO League Group Stage"]
[Site "chess.com INT"]
[Date "2020.01.27"]
[Round "4"]
[White "Nyzhnyk, Illya"]
[Black "Azarov, Sergei"]
[Result "1-0"]
[WhiteTitle "GM"]
[BlackTitle "GM"]
[WhiteElo "2662"]
[BlackElo "2597"]
[WhiteTeam "Chicago Wind"]
[BlackTeam "New York Marshalls"]
[WhiteFideId "14118084"]
[BlackFideId "13501470"]
[EventDate "2020.01.06"]

1. c4 Nf6 2. Nf3 b6 3. b3 e6 4. Bb2 Bb7 5. g3 Be7 6. Bg2 O-O 7. O-O d5 8. cxd5
Nxd5 9. Nc3 c5 10. Nxd5 Bxd5 11. d4 Bf6 12. Qd3 cxd4 13. Bxd4 Nc6 14. Bxf6 Qxf6
15. e4 Nb4 16. Qd4 Qxd4 17. Nxd4 Bb7 18. a3 Nd3 19. Rad1 Nc5 20. b4 Na4 21. Rc1
Rac8 22. Nb5 Ba6 23. Nd6 Rcd8 24. e5 Bxf1 25. Bxf1 b5 26. Bxb5 Nb6 27. Rc7 Nd5
28. Rxa7 Ra8 29. Rb7 Rfb8 30. Rxb8+ Rxb8 31. Be8 Kf8 32. Bxf7 Ke7 33. Bh5 Ra8
34. Nc4 Rc8 35. Be2 Nc3 36. Bf1 Rd8 37. Kg2 Rd1 38. Na5 Rb1 39. Bd3 Rb2 40. Nc4
Ra2 41. Bxh7 Nd1 42. b5 Nxf2 43. Bb1 Ra1 44. Bc2 Ng4 45. b6 Kd8 46. Bd3 Ra2+ 47.
Kf3 Nxh2+ 48. Ke4 Kc8 49. Na5 Rxa3 50. Ba6+ Kd8 51. Nc6+ Kd7 52. b7 Ra4+ 53. Kd3
Kxc6 54. b8=Q Rxa6 55. Qc8+ Kb5 56. Qb7+ Rb6 57. Qxg7 Nf3 58. Ke3 Ne1 59. Qd7+
Rc6 60. g4 Nc2+ 61. Kf4 Nb4 62. g5 Nd5+ 63. Kg4 Kc5 64. g6 Rc7 65. Qxc7+ Nxc7
66. g7 1-0

[Event "PRO League Group Stage"]
[Site "chess.com INT"]
[Date "2020.01.27"]
[Round "4"]
[White "Bareev, Evgeny"]
[Black "Harvey, Marcus R"]
[Result "1/2-1/2"]
[WhiteTitle "GM"]
[BlackTitle "FM"]
[WhiteElo "2638"]
[BlackElo "2419"]
[WhiteTeam "Canada Chessbrahs"]
[BlackTeam "U.K. Lions"]
[WhiteFideId "4100140"]
[BlackFideId "400092"]
[EventDate "2020.01.06"]

1. Nf3 Nf6 2. g3 b5 3. Bg2 Bb7 4. O-O e6 5. c3 Be7 6. a4 a6 7. d4 O-O 8. Bg5 d5
9. axb5 axb5 10. Rxa8 Bxa8 11. Qd3 c6 12. Bxf6 Bxf6 13. Nbd2 Nd7 14. e4 dxe4 15.
Nxe4 c5 16. Nxf6+ Qxf6 17. Qxb5 Rd8 18. Qe2 Bxf3 19. Qxf3 Qxf3 20. Bxf3 cxd4 21.
cxd4 Rb8 22. Rb1 Rb3 23. Bc6 Nb6 24. Kf1 Kf8 25. Ke2 Ke7 26. Kd2 Kd6 27. Be4 f5
28. Bg2 g5 29. Kc2 Rb4 30. Kc3 Ra4 31. h3 Nd5+ 32. Bxd5 Kxd5 33. b3 Rxd4 34. b4
Rc4+ 35. Kb3 Re4 36. Rb2 f4 37. Rc2 e5 38. b5 Re1 39. Rb2 Kc5 40. gxf4 gxf4 41.
Kc3 Kb6 42. Kd3 e4+ 43. Kd4 f3 44. Rb3 Re2 45. Re3 Rxf2 46. Kxe4 1/2-1/2

[Event "PRO League Group Stage"]
[Site "chess.com INT"]
[Date "2020.01.27"]
[Round "4"]
[White "Flores, Diego"]
[Black "Born, Carlos Rodrigo"]
[Result "1-0"]
[WhiteTitle "GM"]
[BlackTitle "FM"]
[WhiteElo "2599"]
[BlackElo "2292"]
[WhiteTeam "Argentina Krakens"]
[BlackTeam "Brazil Capybaras"]
[WhiteFideId "108049"]
[BlackFideId "2113171"]
[EventDate "2020.01.06"]

1. c4 Nf6 2. Nc3 g6 3. e4 e5 4. g3 Bg7 5. Bg2 O-O 6. Nge2 d6 7. d3 Nc6 8. O-O
Nd7 9. f4 exf4 10. gxf4 f5 11. Be3 Kh8 12. Qd2 Nf6 13. h3 Nh5 14. Nd5 Ne7 15.
Kh2 c6 16. Ndc3 Ng8 17. c5 dxc5 18. Bxc5 Re8 19. e5 Nh6 20. Bf2 g5 21. d4 c5 22.
fxg5 Nf7 23. Bf3 Bxe5+ 24. Kh1 Ng7 25. h4 Rb8 26. Rad1 cxd4 27. Nxd4 Bd7 28.
Rfe1 a6 29. Bd5 Nd6 30. Nf3 Bxc3 31. Qxc3 Rxe1+ 32. Qxe1 Ne4 33. Bxe4 fxe4 34.
Ne5 Qe7 35. Nxd7 Rd8 36. Qc3 e3 37. Qxe3 Rxd7 38. Rxd7 Qxd7 39. Qd4 Qc6+ 40. Kh2
Kg8 41. Bg3 Qc1 42. Qd5+ Kf8 43. Bd6+ Ke8 44. Qe5+ Kd7 45. Qe7+ Kc8 46. Qf8+ Kd7
47. Qe7+ Kc8 48. Bg3 Qc2+ 49. Kh3 Qf5+ 50. Kg2 Qc2+ 51. Kg1 Qd1+ 52. Qe1 Qd4+
53. Kh1 Qd5+ 54. Kh2 Ne6 55. Qc3+ Kd7 56. Qb3 Qd2+ 57. Kh3 b5 58. Qf3 Qc2 59.
Qf7+ Kd8 60. Qxe6 Qxb2 61. h5 Qe2 62. Qxe2 1-0

[Event "PRO League Group Stage"]
[Site "chess.com INT"]
[Date "2020.01.27"]
[Round "4"]
[White "Tristan, Leonardo"]
[Black "Do Valle Cardoso, Lucas"]
[Result "0-1"]
[WhiteTitle "IM"]
[WhiteElo "2533"]
[BlackElo "2228"]
[WhiteTeam "Argentina Krakens"]
[BlackTeam "Brazil Capybaras"]
[WhiteFideId "113816"]
[BlackFideId "2163144"]
[EventDate "2020.01.06"]

1. d4 d5 2. Bf4 Nf6 3. e3 e6 4. Nf3 Bd6 5. Bg3 O-O 6. c4 c6 7. Nc3 b6 8. Bd3 Ba6
9. cxd5 Bxd3 10. Qxd3 exd5 11. Ne5 Qe7 12. Qf5 Nfd7 13. Nd3 Na6 14. Rc1 g6 15.
Qh3 Rac8 16. Bh4 Qe6 17. Qf3 f5 18. Bg3 Nb4 19. Nxb4 Bxb4 20. O-O Nf6 21. Be5
Ne4 22. Nxe4 dxe4 23. Qe2 Qxa2 24. Rc4 a5 25. Qc2 c5 26. dxc5 Rxc5 27. Rxc5 Bxc5
28. Rd1 Qe6 29. Qc3 Rc8 30. Rc1 Rd8 31. Bh8 Qf7 32. Bf6 Rd3 33. Qe5 Qd7 34. h4
Rd1+ 35. Kh2 Bd6 0-1

[Event "PRO League Group Stage"]
[Site "chess.com INT"]
[Date "2020.01.27"]
[Round "4"]
[White "Fier, Alexandr"]
[Black "Obregon, Andres Carlos"]
[Result "1-0"]
[WhiteTitle "GM"]
[BlackTitle "GM"]
[WhiteElo "2528"]
[BlackElo "2525"]
[WhiteTeam "Brazil Capybaras"]
[BlackTeam "Argentina Krakens"]
[WhiteFideId "2107139"]
[BlackFideId "111724"]
[EventDate "2020.01.06"]

1. c4 e5 2. Nc3 Nf6 3. Nf3 Nc6 4. e3 Bb4 5. Qc2 Bxc3 6. Qxc3 Qe7 7. d4 Ne4 8.
Qd3 exd4 9. Nxd4 Nxd4 10. Qxd4 O-O 11. f3 Nf6 12. Be2 c5 13. Qh4 d6 14. e4 h6
15. O-O Re8 16. Bd2 d5 17. cxd5 Nxd5 18. Qxe7 Rxe7 19. Rac1 b6 20. Bb5 Nf6 21.
Bf4 Bd7 22. Ba6 Be6 23. b3 Rd8 24. Rfd1 Red7 25. Rxd7 Rxd7 26. Kf2 g5 27. Be3
Rd8 28. Ke2 Ne8 29. h4 f6 30. hxg5 hxg5 31. e5 Kg7 32. Rh1 Rd5 33. exf6+ Nxf6
34. Bd2 Bf5 35. Bc3 Rd8 36. g4 Bc2 37. Bc4 Rd6 38. f4 Be4 39. Rh5 gxf4 40. g5
Kg6 41. gxf6 Kxh5 42. f7 Rd8 43. Bg7 Bb1 44. a4 Bc2 45. f8=Q Rxf8 46. Bxf8 Kg4
47. Bd6 Kg3 48. Kd2 Be4 49. Bb8 1-0

[Event "PRO League Group Stage"]
[Site "chess.com INT"]
[Date "2020.01.27"]
[Round "4"]
[White "Santiago, Yago De Moura"]
[Black "Bitelmajer, Martin"]
[Result "0-1"]
[WhiteTitle "GM"]
[BlackTitle "IM"]
[WhiteElo "2486"]
[BlackElo "2475"]
[WhiteTeam "Brazil Capybaras"]
[BlackTeam "Argentina Krakens"]
[WhiteFideId "2103877"]
[BlackFideId "111651"]
[EventDate "2020.01.06"]

1. d4 Nf6 2. Nc3 d5 3. Bf4 e6 4. e3 Bd6 5. Nge2 O-O 6. Qd2 c5 7. Rg1 Nc6 8. Bxd6
Qxd6 9. g4 Rd8 10. g5 Ne4 11. Nxe4 dxe4 12. O-O-O cxd4 13. exd4 e5 14. d5 Ne7
15. Nc3 Bf5 16. Bg2 Rac8 17. Bxe4 Bxe4 18. Nxe4 Qa6 19. Nc3 b5 20. Kb1 b4 21.
Ne4 Qc4 22. Nf6+ Kh8 23. Rg4 Qc5 24. Ne4 Qxd5 25. Qxd5 Nxd5 26. Rgg1 Kg8 27.
Rge1 Kf8 28. Rd3 Nf4 29. Rxd8+ Rxd8 30. Nc5 Rd5 31. Ne4 Ke7 32. c4 bxc3 33. Nxc3
Rc5 34. Ne4 Rd5 35. Nc3 Rc5 36. Ne4 Ra5 37. Nc3 Ke6 38. Rd1 Nd5 39. Ne4 Rb5 40.
a3 a5 41. Ka2 a4 42. Rc1 Kf5 43. Nd6+ Kxg5 44. Nxb5 Kf4 45. Nc3 Nb6 46. Rd1 Kf3
47. Rd7 Nxd7 48. Nxa4 Kxf2 49. b4 e4 50. b5 e3 51. Nc3 e2 52. Nxe2 Kxe2 53. a4
Kd3 54. a5 Kc4 55. b6 Kb5 56. b7 Kxa5 0-1

[Event "PRO League Group Stage"]
[Site "chess.com INT"]
[Date "2020.01.27"]
[Round "4"]
[White "Robson, Ray"]
[Black "Fedoseev, Vladimir3"]
[Result "0-1"]
[WhiteTitle "GM"]
[BlackTitle "GM"]
[WhiteElo "2673"]
[BlackElo "2671"]
[WhiteTeam "Chicago Wind"]
[BlackTeam "New York Marshalls"]
[WhiteFideId "2023970"]
[BlackFideId "24130737"]
[EventDate "2020.01.06"]

1. e4 c6 2. d4 d5 3. e5 Bf5 4. Nf3 e6 5. Be2 c5 6. Be3 Qb6 7. Nc3 c4 8. Rb1 Qd8
9. O-O Bb4 10. a3 Bxc3 11. bxc3 Qd7 12. Nh4 Ne7 13. g4 Bg6 14. f4 Be4 15. f5
Nbc6 16. f6 gxf6 17. Rxf6 O-O-O 18. Rxf7 Rdf8 19. Rf6 Ng6 20. Ng2 Qe7 21. g5
Qxa3 22. Qd2 Nd8 23. Rbf1 Rfg8 24. Bg4 Qe7 25. Qf2 h6 26. h4 hxg5 27. Bxg5 Nxh4
28. Rxe6 Nxe6 29. Bxe7 Rxg4 30. Bxh4 Rxg2+ 31. Qxg2 Bxg2 32. Kxg2 Rxh4 33. Rf6
Nc7 34. Rf8+ Kd7 35. Rf7+ Kd8 36. Kg3 Re4 37. Kf3 Re1 38. Rf8+ Kd7 39. Rf7+ Kc6
40. Rf6+ Kb5 0-1

[Event "PRO League Group Stage"]
[Site "chess.com INT"]
[Date "2020.01.27"]
[Round "4"]
[White "Guseinov, Gadir"]
[Black "Tang, Andrew"]
[Result "0-1"]
[WhiteTitle "GM"]
[BlackTitle "GM"]
[WhiteElo "2666"]
[BlackElo "2521"]
[WhiteTeam "New York Marshalls"]
[BlackTeam "Chicago Wind"]
[WhiteFideId "13401378"]
[BlackFideId "2059630"]
[EventDate "2020.01.06"]

1. e4 e5 2. Nf3 Nc6 3. Bb5 a6 4. Bxc6 dxc6 5. O-O Bd6 6. c3 Ne7 7. d4 exd4 8.
cxd4 Ng6 9. Nc3 O-O 10. Re1 c5 11. dxc5 Bxc5 12. Be3 Bd6 13. h3 Re8 14. Rc1 Bd7
15. Qb3 Bc6 16. Nd4 Ne5 17. Rcd1 Bd7 18. f4 Nc6 19. e5 Nxd4 20. Bxd4 Bf8 21.
Qxb7 Rb8 22. Qf3 Rxb2 23. f5 Qa8 24. Nd5 Rxa2 25. e6 fxe6 26. fxe6 Rxe6 27. Nf6+
Rxf6 28. Qxa8 Bc6 29. Qxc6 Rxc6 30. Re8 Rcc2 31. Be5 Rxg2+ 32. Kh1 Kf7 33. Rc8
Bd6 34. Bxd6 cxd6 35. Rxd6 Rgb2 36. Rc7+ Ke8 37. Rd1 Rh2+ 38. Kg1 Rag2+ 39. Kf1
Rg5 40. Re1+ Kd8 41. Ra7 Rh1+ 42. Kf2 Rf5+ 0-1

[Event "PRO League Group Stage"]
[Site "chess.com INT"]
[Date "2020.01.27"]
[Round "4"]
[White "Azarov, Sergei"]
[Black "Bruzon Batista, Lazaro"]
[Result "1/2-1/2"]
[WhiteTitle "GM"]
[BlackTitle "GM"]
[WhiteElo "2597"]
[BlackElo "2640"]
[WhiteTeam "New York Marshalls"]
[BlackTeam "Chicago Wind"]
[WhiteFideId "13501470"]
[BlackFideId "3503739"]
[EventDate "2020.01.06"]

1. e4 e5 2. Nf3 Nc6 3. Bb5 Nf6 4. O-O Nxe4 5. Re1 Nd6 6. Nxe5 Be7 7. Bf1 Nf5 8.
Nf3 O-O 9. d4 d5 10. c3 Bd6 11. Na3 Bxa3 12. bxa3 Nfe7 13. Bf4 Bf5 14. h3 h6 15.
c4 dxc4 16. Bxc4 Nd5 17. Bg3 Be6 18. Qc2 Re8 19. Bb5 Bd7 20. Bc4 Be6 21. Bb5 Bd7
22. Bc4 Rxe1+ 23. Rxe1 Be6 24. Bd3 Nde7 25. Qb2 Bd5 26. Ne5 Nxe5 27. Rxe5 Qd7
28. Bb1 Rd8 29. Qc2 Ng6 30. Re3 c6 31. Qe2 Nf8 32. Re7 Qc8 33. h4 c5 34. dxc5
Qxc5 35. Rc7 Qb6 36. Rc1 Be6 37. h5 Qa6 38. Qxa6 bxa6 39. Be4 Nh7 40. Rc7 Nf6
41. Bf3 Bd5 42. Bxd5 Rxd5 43. Rxa7 Ra5 44. Ra8+ Kh7 45. Ra7 Rxa3 46. Rxf7 Rxa2
47. f3 Nxh5 48. Be5 Kg8 49. Ra7 a5 50. Kh2 a4 51. Kh3 Re2 52. f4 Re4 53. Kg4
Nxf4 54. Kf5 Rxe5+ 55. Kxe5 Nxg2 56. Rxa4 g5 1/2-1/2

[Event "PRO League Group Stage"]
[Site "chess.com INT"]
[Date "2020.01.27"]
[Round "4"]
[White "Bareev, Evgeny"]
[Black "Tan, Justin2"]
[Result "1/2-1/2"]
[WhiteTitle "GM"]
[BlackTitle "GM"]
[WhiteElo "2638"]
[BlackElo "2511"]
[WhiteTeam "Canada Chessbrahs"]
[BlackTeam "U.K. Lions"]
[WhiteFideId "4100140"]
[BlackFideId "3206882"]
[EventDate "2020.01.06"]

1. Nf3 c5 2. g3 Nc6 3. Bg2 g6 4. O-O Bg7 5. e3 Nf6 6. d4 O-O 7. b3 cxd4 8. exd4
d5 9. Bb2 Ne4 10. Ne5 Nxe5 11. dxe5 Be6 12. Nd2 Nxd2 13. Qxd2 Qc7 14. Rfe1 Rac8
15. Rac1 Rfd8 16. Bd4 Bf5 17. c3 b5 18. Qe3 Rd7 19. h3 h5 20. f3 Kh7 21. g4 Bh6
22. Qe2 hxg4 23. hxg4 Be6 24. Qxb5 Bf4 25. Kf2 Kg7 26. Rcd1 Rdd8 27. Qe2 Qa5 28.
Qb2 Rh8 29. Rh1 Qc7 30. Qe2 Qa5 31. Rxh8 Rxh8 32. Rh1 Rc8 33. Qb2 Qc7 34. Re1
Kg8 35. b4 f6 36. Qc2 Kf7 37. Rh1 fxe5 38. Rh7+ Kf6 39. Bc5 Bf7 40. Qd3 Qd7 41.
Qa6+ Rc6 42. Qb5 a6 43. Qb8 Rc8 44. Qb6+ Rc6 45. Qb8 Rc8 46. Qb6+ Rc6 47. Qb8 1/2-1/2

[Event "PRO League Group Stage"]
[Site "chess.com INT"]
[Date "2020.01.27"]
[Round "4"]
[White "Santiago, Yago De Moura"]
[Black "Flores, Diego"]
[Result "0-1"]
[WhiteTitle "GM"]
[BlackTitle "GM"]
[WhiteElo "2486"]
[BlackElo "2599"]
[WhiteTeam "Brazil Capybaras"]
[BlackTeam "Argentina Krakens"]
[WhiteFideId "2103877"]
[BlackFideId "108049"]
[EventDate "2020.01.06"]

1. e4 e5 2. Nf3 Nc6 3. d3 Bc5 4. g3 h5 5. h3 d6 6. Bg2 h4 7. g4 Nge7 8. c3 Ng6
9. d4 Bb6 10. Be3 Qe7 11. Nbd2 Bd7 12. a4 a6 13. Qb3 O-O 14. O-O Rab8 15. Rfe1
Nd8 16. Bg5 Qe8 17. Nc4 Ba7 18. Nxh4 Ne6 19. Nxg6 fxg6 20. Be3 Qf7 21. dxe5 Bxe3
22. fxe3 Nc5 23. Qa2 Qf2+ 24. Kh1 Be6 25. Rf1 Qg3 26. b3 Nd3 27. Kg1 b5 28. Nd2
Nf2 29. Nf3 Nxh3+ 30. Kh1 Bxg4 31. b4+ Kh7 32. Qe2 dxe5 33. Qe1 Rxf3 34. Rxf3
Qxe1+ 35. Rxe1 Bxf3 36. Bxf3 Ng5 37. Kg2 Rd8 38. Rd1 Rxd1 39. Bxd1 Nxe4 40. c4
bxc4 41. Bc2 Nc3 42. b5 axb5 43. a5 b4 44. a6 b3 45. a7 bxc2 46. a8=Q c1=Q 47.
Qf3 Qd2+ 48. Kg3 Qe1+ 49. Kg2 Qe2+ 0-1

[Event "PRO League Group Stage"]
[Site "chess.com INT"]
[Date "2020.01.27"]
[Round "4"]
[White "Fier, Alexandr"]
[Black "Tristan, Leonardo"]
[Result "1-0"]
[WhiteTitle "GM"]
[BlackTitle "IM"]
[WhiteElo "2528"]
[BlackElo "2533"]
[WhiteTeam "Brazil Capybaras"]
[BlackTeam "Argentina Krakens"]
[WhiteFideId "2107139"]
[BlackFideId "113816"]
[EventDate "2020.01.06"]

1. c4 e6 2. Nf3 d5 3. e3 Nf6 4. b3 b6 5. Bb2 Bb7 6. Nc3 a6 7. cxd5 exd5 8. d4
Bd6 9. g3 Nbd7 10. Bg2 O-O 11. O-O Re8 12. Rc1 Qe7 13. Re1 Rad8 14. Re2 Ne4 15.
Rec2 h5 16. Nxe4 dxe4 17. Nd2 Qg5 18. Nc4 Bf8 19. h4 Qf5 20. Qf1 Nf6 21. Ne5 c5
22. Bh3 Ng4 23. Qe2 Bc8 24. Nc4 Qg6 25. Bg2 b5 26. Nd2 cxd4 27. Bxd4 Ba3 28. Rc6
Qf5 29. R1c2 Bb7 30. Rc7 Bd5 31. Bc5 Bxc5 32. R7xc5 Qf6 33. Nb1 Re5 34. Rc8 Rxc8
35. Rxc8+ Kh7 36. Nc3 Bc6 37. Qd2 b4 38. Nd1 Rf5 39. Qc2 Bb7 40. Rc7 Qb6 41.
Rxb7 Qxb7 42. Bxe4 1-0

[Event "PRO League Group Stage"]
[Site "chess.com INT"]
[Date "2020.01.27"]
[Round "4"]
[White "Obregon, Andres Carlos"]
[Black "Do Valle Cardoso, Lucas"]
[Result "1-0"]
[WhiteTitle "GM"]
[WhiteElo "2525"]
[BlackElo "2228"]
[WhiteTeam "Argentina Krakens"]
[BlackTeam "Brazil Capybaras"]
[WhiteFideId "111724"]
[BlackFideId "2163144"]
[EventDate "2020.01.06"]

1. e4 e5 2. Nf3 Nc6 3. Bc4 Nf6 4. d3 Bc5 5. O-O d6 6. c3 a6 7. Bb3 Ba7 8. Nbd2
h6 9. Re1 g5 10. Nf1 g4 11. N3d2 h5 12. Nc4 Rg8 13. d4 exd4 14. e5 dxe5 15. Nxe5
Nxe5 16. Rxe5+ Kf8 17. Bh6+ Rg7 18. Qd2 Kg8 19. Bxg7 Kxg7 20. Qg5+ Kh8 21. Qh6+
Kg8 22. Rg5# 1-0

[Event "PRO League Group Stage"]
[Site "chess.com INT"]
[Date "2020.01.27"]
[Round "4"]
[White "Bitelmajer, Martin"]
[Black "Born, Carlos Rodrigo"]
[Result "0-1"]
[WhiteTitle "IM"]
[BlackTitle "FM"]
[WhiteElo "2475"]
[BlackElo "2292"]
[WhiteTeam "Argentina Krakens"]
[BlackTeam "Brazil Capybaras"]
[WhiteFideId "111651"]
[BlackFideId "2113171"]
[EventDate "2020.01.06"]

1. d4 Nf6 2. c4 g6 3. Nc3 Bg7 4. e4 O-O 5. Nf3 d6 6. Be2 e5 7. O-O exd4 8. Nxd4
Re8 9. f3 c6 10. Nb3 Qc7 11. Bf4 Qb6+ 12. Kh1 d5 13. cxd5 cxd5 14. exd5 Na6 15.
Bg3 Nb4 16. Bf2 Qd8 17. Bc4 Bf5 18. Nd4 Bc8 19. Qb3 Na6 20. Bxa6 bxa6 21. Nc6
Qd7 22. Rad1 Bb7 23. Na5 Bc8 24. Qc4 Rb8 25. b3 Bb7 26. Nxb7 Rxb7 27. Na4 Rb5
28. Nc5 Qc8 29. d6 Rd8 30. d7 Qc6 31. a4 Rb6 32. Rfe1 Bf8 33. a5 Rb5 34. Ne4
Nxe4 35. Qxc6 Nxf2+ 36. Kg1 Nxd1 37. Re8 Rbb8 38. Qc8 Rbxc8 39. dxc8=Q Rxc8 40.
Rxc8 Kg7 41. Rc7 Bb4 42. Rd7 Nc3 43. Kf1 Nb5 44. Ke2 Bxa5 45. Kd3 Bb6 46. Kc4
Kf6 47. Kd5 h5 48. b4 Nc3+ 49. Kc6 a5 50. bxa5 Bxa5 51. Rxa7 Bb4 52. Kd7 Kg5 53.
Rb7 Bc5 54. Ke8 f6 55. Kf7 h4 56. Rc7 Bd4 57. Rc4 Ne2 58. Ra4 Be5 59. Rg4+ Kf5
60. Rxh4 Bf4 61. g3 Nxg3 62. hxg3 Bxg3 63. Rg4 Be5 64. Ke7 g5 65. Kd7 Bf4 66.
Kc6 Ke5 67. Kc5 f5 68. Rg2 Be3+ 69. Kc4 Kf4 70. Kd3 Kxf3 71. Rh2 g4 72. Rh5 f4
73. Rg5 g3 0-1

[Event "PRO League Group Stage"]
[Site "chess.com INT"]
[Date "2020.01.27"]
[Round "4"]
[White "Berchtenbreiter, Maximilian"]
[Black "Bareev, Evgeny"]
[Result "1-0"]
[WhiteTitle "IM"]
[BlackTitle "GM"]
[WhiteElo "2488"]
[BlackElo "2638"]
[WhiteTeam "U.K. Lions"]
[BlackTeam "Canada Chessbrahs"]
[WhiteFideId "24641120"]
[BlackFideId "4100140"]
[EventDate "2020.01.06"]

1. e4 e5 2. Nf3 Nf6 3. Bc4 Nxe4 4. Nc3 Nf6 5. Nxe5 d5 6. Bb3 c6 7. O-O Be7 8. d4
O-O 9. Ne2 Nbd7 10. Nd3 Re8 11. c3 Nf8 12. Bc2 Bd6 13. Bf4 Ng6 14. Bxd6 Qxd6 15.
Ng3 b6 16. Re1 Bd7 17. a4 c5 18. Rxe8+ Rxe8 19. a5 Bb5 20. axb6 axb6 21. dxc5
bxc5 22. Nf5 Qb6 23. Ba4 h6 24. Bxb5 1-0

[Event "PRO League Group Stage"]
[Site "chess.com INT"]
[Date "2020.01.27"]
[Round "4"]
[White "Flores, Diego"]
[Black "Fier, Alexandr"]
[Result "1-0"]
[WhiteTitle "GM"]
[BlackTitle "GM"]
[WhiteElo "2599"]
[BlackElo "2528"]
[WhiteTeam "Argentina Krakens"]
[BlackTeam "Brazil Capybaras"]
[WhiteFideId "108049"]
[BlackFideId "2107139"]
[EventDate "2020.01.06"]

1. c4 g6 2. Nc3 Bg7 3. d4 c5 4. d5 Nf6 5. e4 O-O 6. Nf3 e6 7. Bd3 exd5 8. exd5
Re8+ 9. Kf1 d6 10. h3 Nfd7 11. Bg5 Qb6 12. Qd2 Ne5 13. Nxe5 Rxe5 14. Bf4 Re8 15.
Ne4 Bf5 16. Nxd6 Qxb2 17. Rd1 Qxd2 18. Rxd2 Bxd3+ 19. Rxd3 Re7 20. Re3 Rxe3 21.
fxe3 b6 22. Ne8 Nd7 23. Nxg7 Kxg7 24. Ke2 Re8 25. a4 f5 26. g4 fxg4 27. hxg4 g5
28. Bxg5 Re4 29. Bh6+ Kg6 30. Bf4 Rxc4 31. Rh6+ Kg7 32. Rd6 Nf8 33. Bh6+ Kf7 34.
Bxf8 Kxf8 35. Kf3 Rxa4 36. e4 Ke7 37. Rc6 Rd4 38. Kf4 Kd7 39. Ke5 Rd1 40. Rh6 c4
41. Rxh7+ Kc8 42. Kd6 Kb8 43. Kc6 a5 44. Kxb6 Rb1+ 45. Kxa5 c3 46. Rh2 Rb2 47.
Rh3 Re2 48. Kb6 Rb2+ 49. Kc6 Rb3 50. d6 Ka7 51. Rh1 Rb6+ 52. Kd5 Kb7 53. Rc1 Rb3
54. e5 Kc8 55. Kc4 Rb2 56. Rxc3 Kd7 57. Kd5 Rd2+ 58. Ke4 Ke6 59. Re3 Rf2 60. Rf3
Re2+ 61. Kf4 Ra2 62. Rd3 Rf2+ 63. Kg3 Rf8 64. d7 Rd8 65. Kf4 1-0

[Event "PRO League Group Stage"]
[Site "chess.com INT"]
[Date "2020.01.27"]
[Round "4"]
[White "Tristan, Leonardo"]
[Black "Santiago, Yago De Moura"]
[Result "1-0"]
[WhiteTitle "IM"]
[BlackTitle "GM"]
[WhiteElo "2533"]
[BlackElo "2486"]
[WhiteTeam "Argentina Krakens"]
[BlackTeam "Brazil Capybaras"]
[WhiteFideId "113816"]
[BlackFideId "2103877"]
[EventDate "2020.01.06"]

1. e4 e6 2. d4 d5 3. exd5 exd5 4. Nf3 Nf6 5. Bd3 c5 6. O-O Nc6 7. Bg5 Be7 8.
dxc5 O-O 9. Nc3 Bxc5 10. Bxf6 Qxf6 11. Nxd5 Qxb2 12. Rb1 Qxa2 13. c4 Bg4 14. Rb5
b6 15. Nc3 Qa6 16. Bxh7+ Kh8 17. Be4 Rad8 18. Qc1 Bxf3 19. gxf3 Nd4 20. Qg5 f5
21. Qh5+ Kg8 22. Rxc5 bxc5 23. Bd5+ Rxd5 24. Nxd5 Qe6 25. Ra1 g6 26. Qh6 a6 27.
Rb1 Nxf3+ 28. Kg2 Ng5 29. Qxg5 Qe4+ 30. f3 Qc2+ 31. Kh3 Qxb1 32. Qxg6+ 1-0